| 000 | 00560nam a2200193 a 4500 | ||
|---|---|---|---|
| 001 | 000679027 | ||
| 003 | AM-YeHGA | ||
| 005 | 20250617142136.0 | ||
| 008 | 090824s1936 fr r 000 0 fre d | ||
| 040 | _aAM-YeHGA | ||
| 041 | 0 | _afre | |
| 100 | 1 | _aMachiavel, Nicolas | |
| 245 | 1 | 3 |
_aLe Prince : / _cMachiavel ; Suivi de La Mandragore et de Frere Alberigo. |
| 260 |
_aParis : _bEditions R. Simon, _c[1936]. |
||
| 300 | _a253 p. | ||
| 650 | 1 | 4 |
_aPolitical science _vEarly works to 1800. |
| 650 | 1 | 4 |
_aPolitical ethics _vEarly works to 1800. |
| 090 | _c253560 | ||
| 999 |
_c251962 _d251962 |
||